01993cam a2200385 a 450000100090000000300040000900500170001300800410003001000170007102000230008802000150011104000180012604300210014405000230016508200310018810000200021924502110023926001040045030000470055450002150060150000270081650400640084365000660090765000600097365000670103365000470110065000880114765000820123570000180131770000270133571000260136271000260138885600890141485601040150311848603OSt20170126083652.0991123s2000 caua bc 001 0 eng  a 99059416  a089236579X (paper) a0892365781 aDLCcDLCdDLC ae-gx---ae-sz---00aN7433.5b.B88 200000a748.593/09/031074794942211 aButts, Barbara.10aPainting on light :bdrawings and stained glass in the age of Dürer and Holbein /cBarbara Butts and Lee Hendrix with the assistance of Scott C. Wolf ; with contributions by Barbara Giesicke ... [et al.]. a[Los Angeles, Calif.] :bJ. Paul Getty Museum ;a[St. Louis, Mo.] :bSt. Louis Art Museum,c[c2000] axiii, 330 p. :bill. (some col.) ;c31 cm. aPublished on the occasion of an exhibition organized by and held at the J. Paul Getty Museum, Los Angeles, Calif., July 11-Sept. 24, 2000 and the St. Louis Art Museum, St. Louis, Mo., Nov. 4, 2000-Jan. 7, 2001. aAddenda slip inserted. aIncludes bibliographical references (p. 313-325) and index. 0aArtists' preparatory studieszGermany, SouthernvExhibitions. 0aArtists' preparatory studieszSwitzerlandvExhibitions. 0aDrawing, GermanzGermany, Southerny16th centuryvExhibitions. 0aDrawing, Swissy16th centuryvExhibitions. 0aGlass painting and stainingzGermany, SouthernxHistoryy16th centuryvExhibitions. 0aGlass painting and stainingzSwitzerlandxHistoryy16th centuryvExhibitions.1 aHendrix, Lee.1 aWolf, Scott C.,d1956-2 aJ. Paul Getty Museum.2 aSt. Louis Art Museum.423Publisher descriptionuhttp://www.loc.gov/catdir/enhancements/fy0636/99059416-d.html423Contributor biographical informationuhttp://www.loc.gov/catdir/enhancements/fy0723/99059416-b.html